000 02561cam a22005897a 4500
003 CHAP
005 20220817042100.0
008 971013s1965 mx r 00010 spa d
010 _a34012
011 _a34984
035 _a39100
040 _cCHAP
082 _a631.0913
_bO24Y
100 0 0 _aOchse, J. J.
_982713
245 1 0 _aCultivo y mejoramiento de plantas tropicales y subtropicales
_c/por J. J. Ochse ...[et al.]
260 _aMéxico, D. F. :
_bLimusa,
_c1965
300 _a2 v.
_b: ilus.
590 _aBATCH-UPD
_b10
_c20130110
_lUCH01
_h0238
590 _aBATCH-UPD
_b10
_c20130110
_lUCH01
_h0836
590 _aBATCH-UPD
_b10
_c20130409
_lUCH01
_h2304
590 _aBATCH-UPD
_b10
_c20130410
_lUCH01
_h1250
590 _aBATCH-UPD
_b10
_c20130914
_lUCH01
_h0803
590 _aCONVERSION
_b10
_c20130109
_lUCH01
_h1319
650 1 4 _aCacao.
_916918
650 1 4 _aCafé.
_917085
650 1 4 _aCaña de azúcar.
650 1 4 _aCaucho.
_920537
650 1 4 _aCinchona.
_923318
650 1 4 _aCítricos.
_924392
650 1 4 _aEspecias.
_937785
650 1 4 _aFruticultura
_xTrópicos.
_943755
650 1 4 _aPlantas oleaginosas.
_989032
650 1 4 _aPlátano.
_989202
650 1 4 _aTé.
_9113519
901 _aBK
942 _cLIBRO
949 _a631.0913 C24y
_bBC
_cLIBRO
_d33724002208644
_eLIBRO
_fv.2
_h112949
_i39100
_si
949 _a631.0913 O24Y
_bBC
_cLIBRO
_d33724000053096
_eLIBRO
_fv.1
_i39100
_sb
949 _a631.0913 O24Y
_bBC
_cLIBRO
_d33724000053104
_eLIBRO
_fv.1 c.2
_h12591
_i39100
_sb
949 _a631.0913 O24Y
_bBC
_cLIBRO
_d33724000053112
_eLIBRO
_fv.1 c.3
_h37556
_i39100
_si
949 _a631.0913 O24Y
_bBC
_cLIBRO
_d33724000053120
_eLIBRO
_fv.1 c.4
_i39100
_si
949 _a631.0913 O24Y
_bBC
_cLIBRO
_d33724000053138
_eLIBRO
_fv.1 c.5
_h37558
_i39100
_si
949 _a631.0913 O24Y
_bBC
_cLIBRO
_d33724000053146
_eLIBRO
_fv.1 c.7
_h37560
_i39100
_si
949 _a631.0913 O24Y
_bBC
_cLIBRO
_d33724000053153
_eLIBRO
_fv.1 c.8
_h39478
_i39100
_si
949 _a631.0913 O24Y
_bBC
_cLIBRO
_d33724000053161
_eLIBRO
_fv.2 c.3
_h37561
_i39100
_si
949 _a631.0913 O24Y
_bBC
_cLIBRO
_d33724000053260
_eLIBRO
_fv.2 c.7
_h37565
_i39100
_si
949 _a631.0913 O24Y
_bBC
_cLIBRO
_d33724000053278
_eLIBRO
_fv.2 c.6
_h37564
_i39100
_si
949 _a631.0913 O24Y
_bBC
_cLIBRO
_d33724000053286
_eLIBRO
_fv.2 c.5
_h37563
_i39100
_sb
949 _a631.0913 O24Y
_bBC
_cLIBRO
_d33724000607271
_eLIBRO
_fv.1 c.9
_h91225
_i39100
_si
949 _a631.0913 O24Y
_bBC
_cLIBRO
_d33724000607289
_eLIBRO
_fv.2 c.9
_h91226
_i39100
_sb
949 _a631.0913 O24Y
_bBC
_cLIBRO
_d33724000678082
_eLIBRO
_fv.2 c.8
_h39642
_i39100
_si
999 _c34012
_d34012